Name the Airline: Premium Product Edition - Statistics

General Stats
  • This quiz has been taken 8 times
  • The average score is 11 of 20
Answer Stats
Hint Answer % Correct
La Première AirFrance
88%
Aadvantage American
88%
Mileage Plus United
88%
Admiral's Club American
75%
SkyClub Delta
75%
TrueBlue JetBlue
75%
AerClub Aer Lingus
63%
Polaris United
63%
SkyMiles Delta
50%
The Residence Etihad
50%
Mint JetBlue
50%
Rapid Rewards Southwest
50%
Big Front Seat Spirit
50%
Premium Plus United
50%
Flagship First American
38%
Comfort Plus Delta
38%
Senator Lounge Lufthansa
38%
Mileage Plan Alaska
25%
Premium Select Delta
25%
Allways Rewards Allegiant
13%
No matching quizzes found
Score Distribution
Percent of People with Each Score
Percentile by Number Answered
Your Score History
You have not taken this quiz